Cristal de granja en México /
Guardado en:
| Autor principal: | |
|---|---|
| Otros autores: | |
| Formato: | Libro |
| Idioma: | Español |
| Publicado: |
México :
Financiera Comermex,
1971, c1971
|
| Temas: | |
| Etiquetas: |
Sin etiquetas, Sé el primero en etiquetar este registro!
|
MARC
| LEADER | 00000nam^a2200000^a^4500 | ||
|---|---|---|---|
| 001 | 000125461 | ||
| 005 | 20260323165125.0 | ||
| 009 | 20260407171839.85 | ||
| 037 | |a Acervo ITESO - Biblioteca | ||
| 041 | |a ESP | ||
| 082 | |a 748. 09 |b CAS | ||
| 100 | |a Castelló Yturbide, Teresa |e (autor) | ||
| 245 | 1 | 0 | |a Cristal de granja en México / |c T. Castelló Yturbide, M. Martínez del Río de Redo. |
| 264 | 4 | |a México : |b Financiera Comermex, |c 1971, c1971 | |
| 300 | |a 1 v. (sin paginación) | ||
| 336 | |a texto |b txt |2 rdacontenido | ||
| 337 | |a sin mediación |b n |2 rdamedio | ||
| 338 | |a volumen |b nc |2 rdasoporte | ||
| 545 | 0 | |a Teresa Castelló Yturbide (México 1917-2015), fue una escritora, investigadora y promotora de arte popular mexicano y de la gastronomía nacional. En ocasiones usaba para sus textos literarios el seudónimo Pascuala Corona, en honor a su nana, quien le contaba cuentos cuando era niña. Fue una de las pioneras de la literatura infantil en México, con obras que mezclan folclor nacional con cuento de hadas europeo, en un estilo narrativo descriptivo con tintes poéticos. Entre ellas destacan El pozo de los ratones y otros cuentos al calor del fogón (1991, primera obra de la colección A la Orilla del Viento), El morralito de ocelote (1993, Premio Antoniorrobles), y Tres colorantes prehispánicos (1985, Premio White Ravens). Fue galardonada con el Premio Bellas Artes de Cuento Infantil Juan de la Cabada en 2010, por su trayectoria. De sus textos gastronómicos y de arte se pueden mencionar títulos como Biombos mexicanos, Cristal de Granja en México, El niño dulcero, La chaquira en México y Delicias de antaño: historia y recetas de los conventos mexicanos, entre otros. | |
| 649 | |a XX | ||
| 650 | |a Cristalería - |z España | ||
| 650 | |a Cristalería - |z México | ||
| 650 | |a Artesanía de Vidrio - |z España | ||
| 650 | |a Artesanía de Vidrio - |z México | ||
| 650 | |a Arte Popular - |z España | ||
| 650 | |a Arte Popular - |z México | ||
| 650 | |a Arte Español | ||
| 650 | |a Arte Mexicano | ||
| 700 | |a Martínez del Río de Redo, Marita |e (autor) | ||
| 910 | |a Fondo Salvador Reynoso Reynoso | ||
| 920 | |a Impresos - Libros | ||
| 930 | |a Fondos Especiales | ||
| 905 | |a 112 | ||
| 901 | |a 0800008169 |b IT2 |c ESP |u 20250521 | ||
| 902 | |a https://opac.biblio.iteso.mx/vufind/Record/000125461 | ||